000 00552nam a2200181Ia 4500
008 090123s9999 xx 000 0 und d
082 _b39501
100 _aजांभळे परेन शिवराम
245 _aदीपरंग
250 _a1
260 _bअनघा प्रकाशन
_c2006
300 _a192
600 _aजांभळे परेन शिवराम
630 _aदीपरंग
700 _aजांभळे परेन शिवराम
730 _aदीपरंग
942 _cBOOK
999 _c77567
_d77567